=LDR 00000nam 2200000 4500 =001 INLIS000000000810568 =005 20260607092711 =035 ##$$a 0010-0626000005 =007 ta =008 260607################g##########0#ind## =020 ##$$a 9786238371563 =082 ##$$a 332.024 =084 ##$$a 332.024 MOR t =100 #$$a Morgan Housel ( Pengarang ) =245 1#$$a The Art of Spending Money : $b Pilihan Sederhana Untuk Hidup Yang Lebih Kaya Dan Bermakna =250 ##$$a Cetakan V =260 ##$$a Tanggerang :$b Baca,$c 2025 =300 ##$$a xxi, 286 halaman : $b ilustrasi ; $c 23 cm =700 #$$a Fahmy Yamani ( Penerjemah ) =600 #4$$a Keuangan Pribadi (Personal Finance) =500 ##$$a Buku ini merupakan hibah dari santri kelas XII Angkatan 3